[Event "Thessaloniki-Chalkidiki-chT B local"]
[Site "Thessaloniki"]
[Date "2019.03.17"]
[Round "8.7"]
[White "Pantziarelas, Georgios Dimitrios"]
[Black "Toubekis, Panagiotis"]
[Result "1-0"]
[WhiteElo "1482"]
[BlackElo "1682"]
[PlyCount "137"]
[EventDate "2019.01.13"]
[EventType "team-swiss"]
[EventRounds "9"]
[EventCountry "GRE"]
[SourceTitle "EXT 2020"]
[Source "ChessBase"]
[SourceDate "2019.10.17"]
[SourceVersion "1"]
[SourceVersionDate "2019.10.17"]
[SourceQuality "1"]

1. d4 Nf6 2. Nf3 e6 3. e3 c5 4. b3 d5 5. Bb2 Nc6 6. Bd3 b6 7. 0-0 Bb7 8. Nbd2 Qc7 9. c4 cxd4 10. exd4 Be7 11. Rc1 0-0 12. Ne5 Rac8 13. Ndf3 Qb8 14. Qe2 Nxe5 15. dxe5 Nd7 16. Rfd1 dxc4 17. Bxc4 Rfd8 18. Rc2 Qa8 19. Rcd2 Nc5 20. Rxd8+ Rxd8 21. Rxd8+ Qxd8 22. Ne1 h6 23. Nd3 a5 24. Ba3 Qd4 25. Nxc5 Bxc5 26. Bxc5 bxc5 27. h3 Be4 28. Qe3 Qxe5 29. f3 Qa1+ 30. Kh2 Qe5+ 31. Kg1 Qa1+ 32. Kh2 Bf5 33. Qxc5 Qxa2 34. b4 Qa3 35. Qxa5 Qc1 36. Qc7 Kh7 37. b5 e5 38. Qxe5 Bd7 39. b6 Bc8 40. Qc7 Qe3 41. Qxc8 Qe5+ 42. Kg1 Qe1+ 43. Bf1 Qe3+ 44. Kh2 Qxb6 45. Qf5+ Kg8 46. Bd3 Qd6+ 47. Kg1 Qd4+ 48. Kf1 g6 49. Qe4 Qa1+ 50. Kf2 Qf6 51. Bc4 Kg7 52. Qd5 Qb6+ 53. Kg3 Qc7+ 54. f4 Qa7 55. Qxf7+ Qxf7 56. Bxf7 Kxf7 57. Kf3 h5 58. Ke4 Kf6 59. g3 Ke6 60. g4 hxg4 61. hxg4 Kd6 62. Kd4 Ke6 63. Kc5 Ke7 64. Kc6 Ke6 65. Kc5 Ke7 66. Kd5 Kf7 67. Ke5 Kg7 68. Ke6 g5 69. f5 1-0

[Event "Thessaloniki-Chalkidiki-chT B local"]
[Site "Thessaloniki"]
[Date "2019.02.10"]
[Round "4.7"]
[White "Manassis, Theoharis"]
[Black "Toubekis, Panagiotis"]
[Result "0-1"]
[WhiteElo "1206"]
[BlackElo "1682"]
[PlyCount "60"]
[EventDate "2019.01.13"]
[EventType "team-swiss"]
[EventRounds "9"]
[EventCountry "GRE"]
[SourceTitle "EXT 2020"]
[Source "ChessBase"]
[SourceDate "2019.10.17"]
[SourceVersion "1"]
[SourceVersionDate "2019.10.17"]
[SourceQuality "1"]

1. d4 Nf6 2. c4 e6 3. Nc3 Bb4 4. Qc2 Nc6 5. Nf3 d6 6. a3 Bxc3+ 7. Qxc3 Qe7 8. Bf4 a5 9. e3 0-0 10. Be2 Re8 11. Bg5 e5 12. dxe5 dxe5 13. 0-0 Qe6 14. Rfd1 Ne4 15. Qc2 Nc5 16. Rd2 f6 17. Bh4 Qe7 18. Bg3 Be6 19. Rad1 a4 20. e4 Nb3 21. Rd3 Ncd4 22. Nxd4 Nxd4 23. Qd2 Nxe2+ 24. Qxe2 Bxc4 25. Qe3 Bxd3 26. Qxd3 Red8 27. Qc4+ Kf8 28. Rc1 Rd4 29. Qe2 Rad8 30. f3 Qd7 0-1

[Event "Thessaloniki-Chalkidiki-chT B local"]
[Site "Thessaloniki"]
[Date "2019.01.13"]
[Round "1.7"]
[White "Toubekis, Panagiotis"]
[Black "Vafeiadakis, Konstantinos"]
[Result "1-0"]
[WhiteElo "1682"]
[BlackElo "1139"]
[PlyCount "77"]
[EventDate "2019.01.13"]
[EventType "team-swiss"]
[EventRounds "9"]
[EventCountry "GRE"]
[SourceTitle "EXT 2020"]
[Source "ChessBase"]
[SourceDate "2019.10.17"]
[SourceVersion "1"]
[SourceVersionDate "2019.10.17"]
[SourceQuality "1"]

1. e4 e5 2. Nf3 Nf6 3. Nxe5 Qe7 4. d4 d6 5. Nf3 Nxe4 6. Be3 Bf5 7. Bd3 g6 8. 0-0 Bg7 9. Re1 0-0 10. Nc3 c5 11. Bg5 f6 12. Bxe4 fxg5 13. Bd5+ Be6 14. Rxe6 Qd7 15. Rxd6+ Kh8 16. Rxd7 Nxd7 17. dxc5 Nxc5 18. Nxg5 Rad8 19. Nf7+ Rxf7 20. Bxf7 Rxd1+ 21. Rxd1 Bf6 22. f3 Na6 23. Kf2 Nb4 24. Nd5 Nxd5 25. Bxd5 b6 26. c3 Kg7 27. Bc4 Be5 28. Rd7+ Kh8 29. Rxa7 Bxh2 30. g3 h5 31. Kg2 Bxg3 32. Kxg3 g5 33. a4 g4 34. fxg4 hxg4 35. Kxg4 b5 36. Bxb5 Kg8 37. Kg5 Kf8 38. Kg6 Kg8 39. Ra8# 1-0

[Event "Sparta ESPPEP-ch op 13th"]
[Site "Sparta"]
[Date "2017.04.01"]
[Round "3.2"]
[White "Toubekis, Panagiotis"]
[Black "Loukisas, Dimitrios"]
[Result "0-1"]
[WhiteElo "1631"]
[BlackElo "1684"]
[PlyCount "88"]
[EventDate "2017.03.31"]
[EventType "swiss"]
[EventRounds "5"]
[EventCountry "GRE"]
[SourceTitle "EXT 2024"]
[Source "ChessBase"]
[SourceDate "2023.10.10"]
[SourceVersion "1"]
[SourceVersionDate "2023.10.10"]
[SourceQuality "1"]

1. e4 c5 2. Nf3 Nc6 3. Bb5 Nf6 4. Nc3 d6 5. 0-0 e5 6. d3 Be7 7. Be3 0-0 8. Bxc6 bxc6 9. Qd2 Ng4 10. Bg5 Bxg5 11. Nxg5 h6 12. Nf3 f5 13. Ne2 f4 14. c3 Nf6 15. Ne1 c4 16. Rd1 Qb6 17. Qc2 cxd3 18. Qxd3 Ba6 19. c4 d5 20. exd5 cxd5 21. b3 dxc4 22. bxc4 Rad8 23. Qc2 Rxd1 24. Qxd1 Bxc4 25. Nf3 Rd8 26. Qc2 Bxe2 27. Qxe2 e4 28. Qc4+ Kh7 29. Ne5 Re8 30. Nc6 Rc8 31. Rc1 e3 32. Qc2+ Kh8 33. fxe3 Qxe3+ 34. Kh1 Ne4 35. h3 Nf2+ 36. Kh2 Qg3+ 37. Kg1 Nxh3+ 38. Kh1 Nf2+ 39. Kg1 Ng4 40. Qd2 Qh2+ 41. Kf1 Qh1+ 42. Ke2 Qxg2+ 43. Kd3 Qd5+ 44. Ke2 Re8+ 0-1

[Event "GRE-ch U16"]
[Site "Porto Rio"]
[Date "2016.07.04"]
[Round "9"]
[White "Printzios, Lampros"]
[Black "Toubekis, Panagiotis"]
[Result "1/2-1/2"]
[WhiteElo "1196"]
[BlackElo "1661"]
[PlyCount "55"]
[EventDate "2016.06.28"]
[EventType "swiss"]
[EventRounds "9"]
[EventCountry "GRE"]
[SourceTitle "CBM 173 Extra"]
[Source "ChessBase"]
[SourceDate "2016.08.29"]
[SourceVersion "1"]
[SourceVersionDate "2016.08.29"]
[SourceQuality "1"]

1. Nf3 Nf6 2. b3 d5 3. Bb2 c5 4. e3 Nc6 5. Be2 Bg4 6. 0-0 e6 7. c4 Be7 8. cxd5 exd5 9. d4 0-0 10. Nc3 Rc8 11. Ne5 Bxe2 12. Nxe2 Re8 13. Nxc6 bxc6 14. dxc5 Bxc5 15. Bd4 Bxd4 16. exd4 Qd6 17. Rc1 Re6 18. Re1 Rce8 19. f3 h5 20. Qd2 h4 21. Nc3 h3 22. g3 Nh5 23. Rxe6 Rxe6 24. Re1 Rg6 25. Re8+ Kh7 26. Ne2 Re6 27. Rxe6 Qxe6 28. Kf2 1/2-1/2

[Event "GRE-ch U16"]
[Site "Porto Rio"]
[Date "2016.07.02"]
[Round "7"]
[White "Toubekis, Panagiotis"]
[Black "Mastrakoulis, Simeon"]
[Result "1-0"]
[WhiteElo "1661"]
[BlackElo "1554"]
[PlyCount "79"]
[EventDate "2016.06.28"]
[EventType "swiss"]
[EventRounds "9"]
[EventCountry "GRE"]
[SourceTitle "CBM 173 Extra"]
[Source "ChessBase"]
[SourceDate "2016.08.29"]
[SourceVersion "1"]
[SourceVersionDate "2016.08.29"]
[SourceQuality "1"]

1. e4 c5 2. Nf3 e6 3. b3 Qc7 4. Bb2 Nf6 5. e5 Nd5 6. g3 Be7 7. Bg2 0-0 8. 0-0 d6 9. c4 Nb4 10. d4 cxd4 11. exd6 Qxd6 12. Qxd4 Qxd4 13. Nxd4 Nd7 14. Nd2 Rb8 15. Rfd1 Nf6 16. N2f3 Rd8 17. Ne5 Nd7 18. Nb5 a6 19. Nd6 Nxe5 20. Bxe5 Nc6 21. Bxc6 bxc6 22. Nf5 exf5 23. Bxb8 Be6 24. Rxd8+ Bxd8 25. Rd1 Be7 26. Bd6 Bd8 27. Bc5 Bc7 28. f4 h5 29. Rd4 f6 30. a3 g5 31. b4 h4 32. a4 hxg3 33. hxg3 gxf4 34. gxf4 Kf7 35. b5 axb5 36. cxb5 cxb5 37. axb5 Ke8 38. b6 Bb8 39. b7 Bd7 40. Bd6 1-0

[Event "GRE-ch U16"]
[Site "Porto Rio"]
[Date "2016.06.29"]
[Round "3"]
[White "Toubekis, Panagiotis"]
[Black "Apostolakakis, Konstantinos"]
[Result "1-0"]
[WhiteElo "1661"]
[BlackElo "2033"]
[PlyCount "57"]
[EventDate "2016.06.28"]
[EventType "swiss"]
[EventRounds "9"]
[EventCountry "GRE"]
[SourceTitle "CBM 173 Extra"]
[Source "ChessBase"]
[SourceDate "2016.08.29"]
[SourceVersion "1"]
[SourceVersionDate "2016.08.29"]
[SourceQuality "1"]

1. e4 c5 2. Nf3 d6 3. Bb5+ Nd7 4. 0-0 a6 5. Bd3 g6 6. c3 Bg7 7. Bc2 Ne5 8. Nxe5 dxe5 9. d3 Nf6 10. Be3 b6 11. Nd2 0-0 12. b4 cxb4 13. cxb4 Bb7 14. Rc1 Rc8 15. Qe2 Bc6 16. Bb1 Qc7 17. Nc4 Nd7 18. Rc3 Qb7 19. Qc2 f5 20. f3 fxe4 21. dxe4 Bb5 22. Rc1 Kh8 23. Kf2 Nf6 24. Ke1 Nd7 25. a4 Bc6 26. Nxb6 Nxb6 27. Rxc6 Rxc6 28. Qxc6 Qxc6 29. Rxc6 1-0

[Event "GRE ESSPEP-ch 12th"]
[Site "Kalamata"]
[Date "2016.04.26"]
[Round "2"]
[White "Toubekis, Panagiotis"]
[Black "Lykouriotis, Pantelis"]
[Result "1/2-1/2"]
[WhiteElo "1680"]
[BlackElo "1923"]
[PlyCount "162"]
[EventDate "2016.04.25"]
[EventType "swiss"]
[EventRounds "5"]
[EventCountry "GRE"]
[SourceTitle "EXT 2024"]
[Source "ChessBase"]
[SourceDate "2023.10.10"]
[SourceVersion "1"]
[SourceVersionDate "2023.10.10"]
[SourceQuality "1"]

1. e4 c5 2. Nf3 g6 3. c3 d5 4. exd5 Qxd5 5. d4 Bg4 6. Nbd2 cxd4 7. Bc4 Qf5 8. cxd4 Bxf3 9. Nxf3 Nd7 10. Qb3 Rb8 11. Ng5 Nh6 12. 0-0 Bg7 13. g3 0-0 14. Ne6 b5 15. Nxg7 Kxg7 16. Bxh6+ Kxh6 17. Bd5 Nf6 18. Bxf7 Kg7 19. Be6 Qe4 20. Qe3 Rfd8 21. Rad1 Rd6 22. Bb3 Rbd8 23. Rfe1 Qxe3 24. Rxe3 R8d7 25. Red3 a5 26. f3 e5 27. Kf2 exd4 28. Rc1 a4 29. Bd1 Kf7 30. Rc5 Rb6 31. Be2 Ne8 32. Rd2 Nc7 33. f4 h5 34. Bf3 Ne6 35. Re5 Kf6 36. h3 b4 37. Ra5 a3 38. bxa3 bxa3 39. Rxa3 Rbd6 40. Ra4 Rc7 41. Rb4 Ra7 42. a4 Rda6 43. Bd1 Rd6 44. Kf3 Rc6 45. Rd3 Rca6 46. g4 hxg4+ 47. hxg4 Rd6 48. Rd2 d3 49. Ke3 Nc5 50. Rc4 Ra5 51. Rd4 Re6+ 52. Kf3 Rea6 53. Rc4 Re6 54. Rb4 Rea6 55. Rb5 Nxa4 56. g5+ Kg7 57. Rb7+ Kf8 58. Rxd3 Ra8 59. Rdd7 Nc5 60. Rf7+ Kg8 61. Rg7+ Kf8 62. Rbf7+ Ke8 63. Rc7 Kf8 64. Rxg6 R8a7 65. Rc8+ Kf7 66. Rgc6 Ra3+ 67. Kg4 Ne4 68. Bc2 Nf2+ 69. Kf5 R3a5+ 70. Rc5 Kg7 71. Ke6 R5a6+ 72. R5c6 Nh3 73. Kf5 Rf7+ 74. Kg4 Rxc6 75. Rxc6 Nxf4 76. Bb3 Rf8 77. Rc7+ Kh8 78. Bf7 Kg7 79. Be6+ Kh8 80. Bf5 Nd5 81. Rc5 Ne3+ 1/2-1/2

[Event "GRE-chT 43rd"]
[Site "Porto Rio"]
[Date "2015.10.11"]
[Round "6.15"]
[White "Vourlis Koletis, Miltiadis"]
[Black "Toubekis, Panagiotis"]
[Result "1/2-1/2"]
[WhiteElo "1633"]
[BlackElo "1719"]
[PlyCount "56"]
[EventDate "2015.10.08"]
[EventType "team-swiss"]
[EventRounds "7"]
[EventCountry "GRE"]
[SourceTitle "CBM 168 Extra"]
[Source "ChessBase"]
[SourceDate "2015.10.29"]
[SourceVersion "1"]
[SourceVersionDate "2015.10.29"]
[SourceQuality "1"]
[WhiteTeam "Thinalios"]
[BlackTeam "Kalamata"]
[WhiteTeamCountry "GRE"]
[BlackTeamCountry "GRE"]

1. d4 Nf6 2. c4 e6 3. Nc3 Bb4 4. e3 0-0 5. Nge2 Ne4 6. Qc2 f5 7. a3 Bxc3+ 8. Nxc3 Nxc3 9. Qxc3 b6 10. Bd3 Bb7 11. 0-0 Qh4 12. f3 d6 13. b4 Rf6 14. Qe1 Qxe1 15. Rxe1 Nd7 16. Bb2 Rf7 17. Rad1 a5 18. Ra1 Rff8 19. Bc3 axb4 20. axb4 g6 21. Rxa8 Rxa8 22. Ra1 Kf7 23. Rxa8 Bxa8 24. Kf2 Bb7 25. Bc2 Ke7 26. Bb3 Kf7 27. Bc2 Ke7 28. Bb3 Kf7 1/2-1/2

[Event "GRE-chT 43rd"]
[Site "Porto Rio"]
[Date "2015.10.10"]
[Round "5.15"]
[White "Toubekis, Panagiotis"]
[Black "Kontis, Michail"]
[Result "1/2-1/2"]
[WhiteElo "1719"]
[BlackElo "1793"]
[PlyCount "83"]
[EventDate "2015.10.08"]
[EventType "team-swiss"]
[EventRounds "7"]
[EventCountry "GRE"]
[SourceTitle "CBM 168 Extra"]
[Source "ChessBase"]
[SourceDate "2015.10.29"]
[SourceVersion "1"]
[SourceVersionDate "2015.10.29"]
[SourceQuality "1"]
[WhiteTeam "Kalamata"]
[BlackTeam "Ikarias Tzelepis"]
[WhiteTeamCountry "GRE"]
[BlackTeamCountry "GRE"]

1. e4 g6 2. d4 Bg7 3. Nc3 a6 4. Be3 b5 5. Qd2 Bb7 6. f3 d6 7. a4 b4 8. Nd1 a5 9. c3 bxc3 10. bxc3 Nd7 11. Rb1 Qc8 12. Bd3 Ngf6 13. Ne2 0-0 14. 0-0 Ba6 15. Nb2 c5 16. Ng3 Qc7 17. Bxa6 Rxa6 18. Qd3 Raa8 19. Nc4 d5 20. Nd2 dxe4 21. fxe4 Rfd8 22. Rfc1 Ne5 23. Qe2 Neg4 24. e5 Nxe3 25. exf6 Bh6 26. fxe7 Qxe7 27. Qf3 cxd4 28. Rb7 Qe6 29. cxd4 Ng4 30. Nge4 Rxd4 31. Rcc7 Rf8 32. Re7 Qc8 33. Rbc7 Qb8 34. Qxg4 Be3+ 35. Kf1 Rxd2 36. Nxd2 Bxd2 37. Qe4 Qb3 38. Re8 Bh6 39. Rxf8+ Bxf8 40. Qf4 Qd1+ 41. Kf2 Qd5 42. Qc4 1/2-1/2

[Event "GRE-chT 43rd"]
[Site "Porto Rio"]
[Date "2015.10.09"]
[Round "3.15"]
[White "Sotiropoulos, Anastasios Theohar"]
[Black "Toubekis, Panagiotis"]
[Result "1/2-1/2"]
[WhiteElo "1525"]
[BlackElo "1719"]
[PlyCount "72"]
[EventDate "2015.10.08"]
[EventType "team-swiss"]
[EventRounds "7"]
[EventCountry "GRE"]
[SourceTitle "CBM 168 Extra"]
[Source "ChessBase"]
[SourceDate "2015.10.29"]
[SourceVersion "1"]
[SourceVersionDate "2015.10.29"]
[SourceQuality "1"]
[WhiteTeam "Kalamarias Han"]
[BlackTeam "Kalamata"]
[WhiteTeamCountry "GRE"]
[BlackTeamCountry "GRE"]

1. Nf3 Nf6 2. d4 e6 3. c4 Bb4+ 4. Bd2 Qe7 5. g3 Nc6 6. Bg2 Bxd2+ 7. Nbxd2 d6 8. Nf1 e5 9. Ne3 0-0 10. 0-0 Bd7 11. Nd5 Nxd5 12. cxd5 Nxd4 13. Nxd4 exd4 14. Qxd4 Qxe2 15. Rfe1 Qg4 16. Qxg4 Bxg4 17. Rac1 Rac8 18. Re7 Rfe8 19. Rxe8+ Rxe8 20. h3 Bc8 21. Rxc7 g6 22. g4 g5 23. Bf1 h6 24. Bb5 Rd8 25. Bd3 Re8 26. f3 Kg7 27. Kf2 Kf6 28. Be4 Rf8 29. Ke3 Ke5 30. Re7+ Kf6 31. Rc7 Ke5 32. b4 a6 33. Re7+ Kf6 34. Rc7 Ke5 35. Re7+ Kf6 36. Rc7 Ke5 1/2-1/2

[Event "GRE-chT 43rd"]
[Site "Porto Rio"]
[Date "2015.10.08"]
[Round "2.14"]
[White "Toubekis, Panagiotis"]
[Black "Pavlidis, Pavlos"]
[Result "0-1"]
[WhiteElo "1719"]
[BlackElo "1827"]
[PlyCount "72"]
[EventDate "2015.10.08"]
[EventType "team-swiss"]
[EventRounds "7"]
[EventCountry "GRE"]
[SourceTitle "CBM 168 Extra"]
[Source "ChessBase"]
[SourceDate "2015.10.29"]
[SourceVersion "1"]
[SourceVersionDate "2015.10.29"]
[SourceQuality "1"]
[WhiteTeam "Kalamata"]
[BlackTeam "Polichnis"]
[WhiteTeamCountry "GRE"]
[BlackTeamCountry "GRE"]

1. e4 c5 2. Nf3 Nc6 3. Bb5 g6 4. c3 Bg7 5. d4 cxd4 6. cxd4 Qb6 7. Nc3 Bxd4 8. Nxd4 Qxd4 9. Be3 Qxd1+ 10. Rxd1 Nf6 11. Bh6 a6 12. Bg7 Rg8 13. Bxf6 axb5 14. Nxb5 Ra5 15. Nc7+ Kd8 16. Bc3 Kxc7 17. Bxa5+ Nxa5 18. Ke2 d6 19. Rd2 Be6 20. Rc1+ Nc6 21. b4 Kb8 22. b5 Ne5 23. Rdc2 Nd7 24. Rc7 Re8 25. R7c2 Nc5 26. e5 b6 27. exd6 exd6 28. Kf1 Bd7 29. g3 Bxb5+ 30. Kg2 Nd3 31. Rb1 Ne1+ 32. Rxe1 Rxe1 33. Rb2 Bc6+ 34. f3 Kc7 35. Kf2 Rc1 36. Re2 Bd5 0-1

[Event "GRE-ch U14"]
[Site "Greece"]
[Date "2014.07.09"]
[Round "8"]
[White "Toubekis, Panagiotis"]
[Black "Ontabasidis, Aristidis"]
[Result "0-1"]
[WhiteElo "1512"]
[BlackElo "1586"]
[PlyCount "154"]
[EventDate "2014.07.04"]
[EventType "swiss"]
[EventRounds "9"]
[EventCountry "GRE"]
[SourceTitle "EXT 2017"]
[Source "ChessBase"]
[SourceDate "2016.10.25"]
[SourceVersion "1"]
[SourceVersionDate "2016.10.25"]
[SourceQuality "1"]

1. e4 c6 2. c4 d5 3. exd5 cxd5 4. cxd5 Nf6 5. Nc3 Nxd5 6. Nf3 e6 7. d4 Be7 8. Bb5+ Bd7 9. Bc4 Nxc3 10. bxc3 0-0 11. 0-0 Nc6 12. Re1 Qc7 13. Bd2 Rac8 14. Bd3 Rfd8 15. Ng5 h6 16. Nf3 Bf6 17. Qe2 Be8 18. Qe4 Kf8 19. h3 Ne7 20. Rec1 Bc6 21. Qe2 Nd5 22. Rab1 Nf4 23. Bxf4 Qxf4 24. Qe3 Qd6 25. Be4 b5 26. Bxc6 Qxc6 27. Qe2 a6 28. Qb2 Qd6 29. Qb4 Rc4 30. Qxd6+ Rxd6 31. Rb4 Rxb4 32. cxb4 Bxd4 33. Nxd4 Rxd4 34. Rc6 Rxb4 35. Rxa6 Rb1+ 36. Kh2 Rb2 37. Kg3 Ke7 38. Rb6 b4 39. Kf3 h5 40. h4 Kf6 41. Rb7 g6 42. Ke3 e5 43. g3 Ke6 44. f4 f6 45. fxe5 fxe5 46. Ke4 Re2+ 47. Kf3 Rxa2 48. Rxb4 Kf5 49. Rc4 Ra3+ 50. Kf2 Rd3 51. Ra4 Rd4 52. Ra5 Rb4 53. Rc5 Ke4 54. Rc6 Rb2+ 55. Ke1 Kf5 56. Kf1 Ra2 57. Rb6 Rc2 58. Ra6 Rb2 59. Rc6 e4 60. Ra6 e3 61. Ra4 Rf2+ 62. Kg1 Rd2 63. Kf1 Ke5 64. Rb4 Rd4 65. Rb8 Ke4 66. Rb6 Kf3 67. Rf6+ Kxg3 68. Rxg6+ Kxh4 69. Ke2 Re4 70. Rg8 Kh3 71. Rg7 h4 72. Rg8 Rg4 73. Rh8 Kg2 74. Kxe3 h3 75. Ra8 h2 76. Ra2+ Kh3 77. Ra1 Rg1 0-1

[Event "GRE-ch U14"]
[Site "Greece"]
[Date "2014.07.08"]
[Round "7"]
[White "Kouroglou, Konstantinos"]
[Black "Toubekis, Panagiotis"]
[Result "0-1"]
[WhiteElo "1358"]
[BlackElo "1512"]
[PlyCount "64"]
[EventDate "2014.07.04"]
[EventType "swiss"]
[EventRounds "9"]
[EventCountry "GRE"]
[SourceTitle "EXT 2017"]
[Source "ChessBase"]
[SourceDate "2016.10.25"]
[SourceVersion "1"]
[SourceVersionDate "2016.10.25"]
[SourceQuality "1"]

1. d4 Nf6 2. e3 e6 3. Nf3 d5 4. Bd3 c5 5. c3 Nc6 6. a3 Qc7 7. 0-0 Bd6 8. Nbd2 cxd4 9. cxd4 Bd7 10. e4 dxe4 11. Nxe4 Nxe4 12. Bxe4 h6 13. Re1 0-0 14. Be3 Rfd8 15. Rc1 Qa5 16. Nd2 Bf8 17. Nc4 Qa6 18. Qh5 Rac8 19. g4 Nxd4 20. Bxd4 Rxc4 21. Bd3 Rxc1 22. Bxa6 Rxe1+ 23. Kg2 Bc6+ 24. Kh3 Rxd4 25. g5 bxa6 26. gxh6 Rd3+ 27. Kh4 Re4+ 28. f4 Rxf4+ 29. Kg5 Rf5+ 30. Kg4 Rd4+ 31. Kg3 Bd6+ 32. Kh3 Rxh5# 0-1

[Event "GRE-ch U14"]
[Site "Greece"]
[Date "2014.07.07"]
[Round "5"]
[White "Toubekis, Panagiotis"]
[Black "Sofronas, Andreas"]
[Result "1-0"]
[WhiteElo "1512"]
[BlackElo "1319"]
[PlyCount "67"]
[EventDate "2014.07.04"]
[EventType "swiss"]
[EventRounds "9"]
[EventCountry "GRE"]
[SourceTitle "EXT 2017"]
[Source "ChessBase"]
[SourceDate "2016.10.25"]
[SourceVersion "1"]
[SourceVersionDate "2016.10.25"]
[SourceQuality "1"]

1. e4 e5 2. Nf3 Nc6 3. Bb5 a6 4. Ba4 b5 5. Bb3 Nf6 6. d3 d6 7. c3 Ne7 8. Nbd2 Ng6 9. Nf1 c5 10. Ng3 Be7 11. 0-0 0-0 12. Bd2 Bb7 13. Qc2 Rc8 14. a3 d5 15. exd5 Bxd5 16. Bxd5 Qxd5 17. c4 Qd7 18. Rad1 Rfe8 19. Rfe1 Bd8 20. Bc3 Bc7 21. Ne4 Nxe4 22. dxe4 Qe7 23. Bd2 Rcd8 24. Be3 b4 25. Rd5 Rxd5 26. cxd5 Bd6 27. Rc1 bxa3 28. bxa3 Rc8 29. Nd2 Nf8 30. Qa4 Ra8 31. Qc6 Rb8 32. Nc4 Rd8 33. Qxa6 Nd7 34. Qxd6 1-0

[Event "GRE ESSPEP-ch"]
[Site "Peloponnisos"]
[Date "2014.03.23"]
[Round "5"]
[White "Drousias, Ioannis"]
[Black "Toubekis, Panagiotis"]
[Result "0-1"]
[WhiteElo "1440"]
[BlackElo "1494"]
[PlyCount "52"]
[EventDate "2014.03.21"]
[EventType "swiss"]
[EventRounds "5"]
[EventCountry "GRE"]
[SourceTitle "EXT 2024"]
[Source "ChessBase"]
[SourceDate "2023.10.10"]
[SourceVersion "1"]
[SourceVersionDate "2023.10.10"]
[SourceQuality "1"]

1. d4 Nf6 2. c4 e6 3. Nc3 Bb4 4. e3 c5 5. Nf3 cxd4 6. exd4 Bxc3+ 7. bxc3 0-0 8. Bd3 b6 9. Bg5 Ba6 10. Qe2 Nc6 11. Ne5 Ne7 12. Bxf6 gxf6 13. Ng4 Ng6 14. h4 f5 15. Ne5 Nf4 16. Qf3 Nxd3+ 17. Nxd3 Qf6 18. g4 Kh8 19. g5 Qe7 20. Kd2 Bxc4 21. Ne5 Bd5 22. Qh5 Bxh1 23. g6 f6 24. Nf7+ Rxf7 25. gxf7 Bd5 26. Rg1 Rf8 0-1

[Event "GRE-ch U12"]
[Site "Rio Achaia"]
[Date "2012.06.27"]
[Round "5.5"]
[White "Alexiadis, Hristos"]
[Black "Toubekis, Panagiotis"]
[Result "1-0"]
[WhiteElo "1722"]
[BlackElo "1435"]
[PlyCount "61"]
[EventDate "2012.06.24"]
[EventType "swiss"]
[EventRounds "7"]
[EventCountry "GRE"]
[SourceTitle "EXT 2024"]
[Source "ChessBase"]
[SourceDate "2023.10.10"]
[SourceVersion "1"]
[SourceVersionDate "2023.10.10"]
[SourceQuality "1"]

1. e4 c5 2. Nf3 g6 3. d4 cxd4 4. Qxd4 Nf6 5. e5 Nc6 6. Qd3 Ng4 7. Qe4 Ngxe5 8. Nc3 Nxf3+ 9. Qxf3 Bg7 10. Bd2 0-0 11. 0-0-0 d6 12. g4 Ne5 13. Qg3 Nxg4 14. Be2 Nf6 15. h4 Qb6 16. Be3 Qa5 17. h5 Bf5 18. hxg6 fxg6 19. Bc4+ Kh8 20. Nd5 Nxd5 21. Rxd5 Qxd5 22. Bxd5 e6 23. Bf3 Rac8 24. c3 Bxc3 25. bxc3 Rxc3+ 26. Kd1 Rd3+ 27. Ke2 Rc8 28. Qh4 g5 29. Qxg5 Rg8 30. Qf6+ Rg7 31. Bh6 1-0